000 00692nam a2200217 i 4500
001 C2-0316084
003 PPAK
005 20180728112005.0
008 120715s2011 my a|||| ||||| | may d
040 _aPPAK
_beng
_cPPAK
_erda
082 0 4 _a352.48
_223
090 0 0 _a352.48
_bIST
_dKK
245 0 0 _aIstiadat Pembukaan Mesyuarat Bajet 2012:
_bpenggal yang keempat Dewan Undangan Negeri Kedah Darul Aman yang kedua belas
264 1 _aAlor Setar, Kedah :
_bKerajaan Negeri Kedah ,
_c2011
300 _a[10 pages] :
_bcolour illustrations ;
_c24 cm
336 _2rdacontent
_atext
337 _2rdamedia
_aunmediated
338 _2rdacarrier
_avolume
650 1 0 _aBudget
942 _ddc
_cB
999 _c117230
_d117230